000 01024nam a22002777a 4500
001 BD-DhSAU 9032
003 BD-DhSAU
005 20190108101100.0
008 150612b2016 bg a||||r|||| 000 0 eng d
040 _aBD-DhSAU
082 _222
_a631.4
_bH7949
100 _a Hossain , Nahid
_4Registration No: 09-03506
245 _a Effect of plant growth regulator-flora on the growth and yield of transplanted Aman rice /
_c Hossain , Nahid
_bMs Thesis
260 _aSher-e- Bangla Agricultural University :
_bDepartment of soil science,
_c2016.
300 _avi , 54 p. :
_bill. ,
_c30 cm.
504 _aIncludes bibliographical references.
590 _aShofi
650 _asoil science
650 _a Plant growth
650 _aRegulator-flora
650 _a Transplanted Aman rice
700 _aPaul , Alok Kumar
_eSupervisor
700 _aHossain , Mohammad Mosharraf
_eCo-Supervisor
856 _uhttp://archive.saulibrary.edu.bd:8080/xmlui/handle/123456789/1320
_yOnline Access
942 _2ddc
_cTHESIS
999 _c14333
_d14332